000 00860nam a2200253Ia 4500
003 OSt
005 20220930190818.0
006 a|||||r|||| 00| 0
007 ta
008 220926b |||||||| |||| 00| 0 eng d
024 _a2126
037 _cDissertations
040 _aCRL
_cCRL
_beng
041 _2eng
_aeng
100 _aGupta Richie
_9559390
110 _aUniversity of Delhi. Faculty of Medical Science. Department of Surgery
_9520100
245 0 _aEvaluation of colonoscopy in the diagnosis of colonic diseases and comparison with barium contrast studies
260 _c1989
650 _aSURGERY
700 _a Dr R N Shinghal Supervisor
_9523156
700 _aUniversity of Delhi. Faculty of Medical Science. Department of Surgery
_9520102
942 _cDIS
_2CC
999 _c893160
_d893160